NLSUI OPAC header image

Earth summit II : Outcomes and analysis (Record no. 16304)

MARC details
000 -LEADER
fixed length control field 01029nam a2200217Ia 4500
003 - CONTROL NUMBER IDENTIFIER
control field OSt
005 - DATE AND TIME OF LATEST TRANSACTION
control field 20210826155240.0
008 - FIXED-LENGTH DATA ELEMENTS--GENERAL INFORMATION
fixed length control field 160316s1998 xxu||||| |||| 00| 0 eng d
020 ## - INTERNATIONAL STANDARD BOOK NUMBER
International Standard Book Number 9781844079896
040 ## - CATALOGING SOURCE
Transcribing agency n
082 ## - DEWEY DECIMAL CLASSIFICATION NUMBER
Classification number 341.762000
Item number OSB
100 ## - MAIN ENTRY--PERSONAL NAME
Personal name Osborn Derek
245 ## - TITLE STATEMENT
Title Earth summit II : Outcomes and analysis
260 ## - PUBLICATION, DISTRIBUTION, ETC.
Place of publication, distribution, etc. London
Name of publisher, distributor, etc. Earthscan Publications Ltd.
Date of publication, distribution, etc. 1998
300 ## - PHYSICAL DESCRIPTION
Extent 201p
Dimensions xii
365 ## - TRADE PRICE
Price amount Rs.1,116.50
505 ## - FORMATTED CONTENTS NOTE
Formatted contents note Table of contents<br/>Foreword by Tony Blair Foreword by Nitin Desai;<br/>1. A Tale of Two Cities: From Rio to New York;<br/>2. Hard Times: Earth Summit II;<br/>3. Great Expectations: towards Earth Summit III in 2002;<br/>4. Our Mutual Friend: Agenda 21 Implementation of Agenda 21;<br/>Section A: Statement of Commitment;<br/>Section B: Assessment of Progress Since Rb;<br/>Section C: Implementation in Areas Requiring Urgent Action;<br/>Section D: International Institutional Arrangements
650 ## - SUBJECT ADDED ENTRY--TOPICAL TERM
Topical term or geographic name entry element 1. Earth Summit II - 1992 - Results - An Analysis
700 ## - ADDED ENTRY--PERSONAL NAME
Personal name Bigg Tom
--
942 ## - ADDED ENTRY ELEMENTS (KOHA)
Source of classification or shelving scheme Dewey Decimal Classification
Koha item type BOOKs
Holdings
Withdrawn status Lost status Damaged status Not for loan Home library Current library Shelving location Date acquired Cost, normal purchase price Total Checkouts Full call number Barcode Date last seen Price effective from Koha item type
        NLS NLS Library Compactors 30/05/2017 1116.50   341.762 OSB 16200 30/05/2017 30/05/2017 BOOKs